Statistics for 1998-99 Manchester United Winning Squad

Click here to take the quiz!

General Stats

  • This quiz has been taken 296 times
  • The average score is 10 of 12

Answer Stats

PositionNationalityPerson% Correct
CoachSir Alex Ferguson
98%
GoalkeeperPeter Schmeichel
96%
Central MidfielderRoy Keane
93%
Right WingerDavid Beckham
89%
Right BackGary Neville
89%
Left WingerRyan Giggs
89%
Central MidfielderPaul Scholes
88%
Centre BackJaap Stam
82%
ForwardDwight Yorke
80%
ForwardAndy Cole
79%
Left BackDenis Irwin
60%
Centre BackRonny Johnsen
39%

Score Distribution

Percentile by Number Answered

Percent of People with Each Score

Your Score History

You have not taken this quiz